000
00373nam a22001337a 4500
999
_c
534492
_d
534492
082
_a
923.2
100
_a
Malik, Abdullah
245
_a
Dastan-e-Khanwada:
_b
Main Mahmood Ali Qasori /
_c
Abdullah Malik
260
_a
Lahore :
_b
Jang Publishers,
_c
1995.
300
_a
586 p.
942
_2
ddc
_c
BK